Aditivos alimentarios.

I tiakina i:
Ngā taipitopito rārangi puna kōrero
Kaituhi matua: Mateos-Aparicio, Inmaculada (coordinadora)
Hōputu: Tē mōhiotia
I whakaputaina: Madrid, España: Dextra Editorial S L., 2017.
Ngā marau:
Ngā Tūtohu: Tāpirihia he Tūtohu
Kāore He Tūtohu, Me noho koe te mea tuatahi ki te tūtohu i tēnei pūkete!

MARC

LEADER 00000 a2200000 4500
003 CL-VaPUC
005 20230327090300.0
008 230307t2017 ||||| |||| 00| 0 eng d
999 |c 439633  |d 439631 
020 |a 9788416898183 
040 |c Pontificia Universidad Católica de Valparaíso 
082 7 |a 664.06 MAT 2017  |2 22 
100 |a Mateos-Aparicio, Inmaculada  |9 879248  |e coordinadora 
245 1 |a Aditivos alimentarios.  
260 |a Madrid, España:  |b Dextra Editorial S L.,   |c 2017. 
300 |a 214 páginas. 
583 |k GC  |c 20230307 
650 0 |a Aditivos alimentarios   |9 867827  |x Regulación  
650 0 |a Colorantes alimentarios  |9 682583 
942 |2 ddc  |c BK 
952 |0 0  |1 0  |2 ddc  |4 0  |6 664_060000000000000_MAT_2017  |7 0  |8 A  |9 588867  |a BIBALI  |b BIBALI  |c GEN  |d 2023-03-07  |e 13  |g 32570.00  |i 5656540  |l 5  |m 3  |o 664.06 MAT 2017  |p 5656540  |q 2025-07-31  |r 2024-03-13  |s 2024-03-13  |t 1  |v 32570.00  |w 2023-03-07  |y BK  |k ALI